|
|
|
|
| LEADER |
01877nam a22004932a 4500 |
| 001 |
000023026 |
| 003 |
CZ BrMZK |
| 005 |
20240927112457.0 |
| 007 |
ta |
| 008 |
950707s1992 xr e 0 cze d |
| 015 |
|
|
|a cnb000077867
|
| 035 |
|
|
|a (OCoLC)32677221
|
| 040 |
|
|
|a BOA001
|b cze
|
| 043 |
|
|
|a e-cs---
|
| 045 |
|
|
|a x3x4
|
| 072 |
|
7 |
|a 94(437)
|x Dějiny Česka a Slovenska
|2 Konspekt
|9 8
|
| 080 |
|
|
|a 341.324
|2 MRF
|
| 080 |
|
|
|a 94(100)"1939/1945"
|2 MRF
|
| 080 |
|
|
|a 930.1:159.953
|2 MRF
|
| 080 |
|
|
|a 94(437)
|2 MRF
|
| 080 |
|
|
|a (437)
|2 MRF
|
| 080 |
|
|
|a (048.8)
|2 MRF
|
| 100 |
1 |
|
|a Tomeš, Josef,
|d 1954-
|7 jo20000080784
|
| 245 |
1 |
0 |
|a Historie v čase zkoušky /
|c Josef Tomeš
|
| 250 |
|
|
|a 1. vyd.
|
| 260 |
|
|
|a Praha :
|b Gnosis,
|c 1992
|
| 300 |
|
|
|a 76 s.
|
| 500 |
|
|
|a Dostupné též v digitální podobě v aplikaci Kramerius
|
| 648 |
|
7 |
|a 1939-1945
|7 ch460653
|
| 650 |
0 |
7 |
|a okupace
|7 ph138971
|z Československo
|y 1939-1945
|2 czenas
|
| 650 |
0 |
7 |
|a druhá světová válka (1939-1945)
|7 ph117270
|z Československo
|2 czenas
|
| 650 |
0 |
7 |
|a historické vědomí
|7 ph573524
|2 czenas
|
| 650 |
0 |
9 |
|a military occupation
|z Czechoslovakia
|y 1939-1945
|2 eczenas
|
| 650 |
0 |
9 |
|a World War (1939-1945)
|z Czechoslovakia
|2 eczenas
|
| 650 |
0 |
9 |
|a historical consciousness
|2 eczenas
|
| 651 |
|
7 |
|a Československo
|7 ge131689
|x dějiny
|y 1939-1945
|2 czenas
|
| 651 |
|
9 |
|a Czechoslovakia
|x history
|y 1939-1945
|2 eczenas
|
| 655 |
|
7 |
|a studie
|7 fd133597
|2 czenas
|
| 655 |
|
9 |
|a studies
|2 eczenas
|
| 856 |
4 |
1 |
|u http://www.digitalniknihovna.cz/mzk/uuid/uuid:9ca8aa80-f8a1-11e4-88cd-005056827e52
|y Digitalizovaný dokument
|x NDK
|
| 910 |
|
|
|a BOA001
|b PK-0118.220
|b 2-0992.934
|
| 990 |
|
|
|a BK
|
| 996 |
7 |
|
|b 3119999519
|c PK-0118.220
|l MZK
|r Sklad / do 1 hodiny
|n 16
|w 000023026
|u 000010
|a 1
|e BOA001
|j MZK50
|s A
|
| 996 |
6 |
|
|b BC-1525535
|c 2-0992.934
|l MZK
|r Sklad / do 1 hodiny
|n 0
|w 000023026
|u 000020
|a 1
|e BOA001
|j MZK50
|s P
|